Prose literature since 1939 / (Record no. 78891)

MARC details
000 -LEADER
campo de control de longitud fija 00500nam a2200169 i 4500
001 - NÚMERO DE CONTROL
campo de control 78891
003 - IDENTIFICADOR DE NÚMERO DE CONTROL
campo de control ES-MaACL
005 - FECHA Y HORA DE LA ÚLTIMA TRANSACCIÓN
campo de control 20230906173838.0
007 - CAMPO FIJO DE DESCRIPCIÓN FÍSICA--INFORMACIÓN GENERAL
campo de control de longitud fija t|
008 - DATOS DE LONGITUD FIJA--INFORMACIÓN GENERAL
campo de control de longitud fija 041018s1947 xxk ||||1| eng d
100 1# - ENTRADA PRINCIPAL--NOMBRE DE PERSONA
Nombre de persona Hayward, John.
9 (RLIN) 62223
245 10 - MENCIÓN DEL TÍTULO
Título Prose literature since 1939 /
Mención de responsabilidad, etc. by John Hayward.
250 ## - MENCION DE EDICION
Mención de edición [1st ed.].
260 ## - PUBLICACIÓN, DISTRIBUCIÓN, ETC.
Lugar de publicación, distribución, etc. London :
Nombre del editor, distribuidor, etc. British Council,
Fecha de publicación, distribución, etc. [1947] (
Lugar de fabricación/manufactura Edinburgh :
Fabricante R. and R. Clark)
300 ## - DESCRIPCIÓN FÍSICA
Extensión VII, 46 p., 7 lám. ;
Dimensiones 20 cm.
852 ## - LOCALIZACIÓN
Ubicación ES-MaACL
Número de control de estantería 1898-F-1
Sublocalización o colección R.27284
Holdings
Estatus retirado Estado de pérdida Estado de daño No para préstamo Colección Biblioteca de origen Biblioteca actual Ubicación en estantería Fecha de adquisición Fuente de adquisición Total de préstamos Signatura topográfica completa Código de barras Visto por última vez Precio de reemplazo Tipo de ítem Koha
        Colección de folletos Biblioteca del Ateneo de Madrid Biblioteca del Ateneo de Madrid Depósito folletos 17/01/2008     1898-F-1 1082504 23/02/2023 23/02/2023 Folleto